LIBRARY & INFORMATION CENTRE, KCAET, TAVANUR

ONLINE PUBLIC ACCESS CATALOGUE (OPAC)

Normal view MARC view
  • Soils.

Entry Topical Term

Number of records used in: 1

001 - CONTROL NUMBER

  • control field: 1203

003 - CONTROL NUMBER IDENTIFIER

  • control field: OSt

005 - DATE AND TIME OF LATEST TRANSACTION

  • control field: 20160727114325.0

008 - FIXED-LENGTH DATA ELEMENTS

  • fixed length control field: 160727|| aca||aabn | a|a d

040 ## - CATALOGING SOURCE

  • Original cataloging agency: OSt
  • Transcribing agency: OSt

150 ## - HEADING--TOPICAL TERM

  • Topical term or geographic name as entry element: Soils.

670 ## - SOURCE DATA FOUND

  • Source citation: Work cat.: (OSt)13760: Cox, Joseph Frank, 1201, Crop Management and Soil Conservation,, 2011
free website counter